LEADER 01215nam--2200361---450- 001 990002840880203316 005 20090605150225.0 010 $a88-348-6333-X 035 $a000284088 035 $aUSA01000284088 035 $a(ALEPH)000284088USA01 035 $a000284088 100 $a20061129H2006----km-y0itay50------ba 101 $aita 102 $aIT 105 $a||||||||001yy 200 1 $a<> trovati biotecnologici tra i principi etico-giuridici e il codice di proprietà industriale$econ appendice e commento alla legge 22 febbraio 2006...$fGiuseppe Caforio 210 $aTorino$cG. Giappichelli$dcopyr. 2006 215 $aXII, 288 p.$d24 cm 410 0$12001 454 1$12001 606 0 $aBiotecnologia$xAspetti giuridici 676 $a343.0786606 700 1$aCAFORIO,$bGiuseppe$0232970 801 0$aIT$bsalbc$gISBD 912 $a990002840880203316 951 $aXXII.1.F 23 (IG XVI 571)$b52815 G.$cIG XVI$d00208568 959 $aBK 969 $aGIU 979 $aALESSANDRA$b90$c20061129$lUSA01$h1158 979 $aRSIAV3$b90$c20090605$lUSA01$h1502 996 $aTrovati biotecnologici tra i principi etico-giuridici e il codice di proprietà industriale$9730203 997 $aUNISA LEADER 01896oam 2200529zu 450 001 9910146699403321 005 20241212215550.0 010 $a9781509093403 010 $a1509093400 010 $a9781424404063 010 $a1424404061 035 $a(CKB)1000000000525127 035 $a(SSID)ssj0000395200 035 $a(PQKBManifestationID)12081921 035 $a(PQKBTitleCode)TC0000395200 035 $a(PQKBWorkID)10426506 035 $a(PQKB)10111641 035 $a(EXLCZ)991000000000525127 100 $a20160829d2006 uy 101 0 $aeng 181 $ctxt 182 $cc 183 $acr 200 10$a2006 7th International Conference on Information Technology Based Higher Education and Training : Ultimo, Australia, 10-13 July 2006 210 31$a[Place of publication not identified]$cIEEE$d2006 300 $aBibliographic Level Mode of Issuance: Monograph 311 08$a9781424404056 311 08$a1424404053 606 $aEducation, Higher$xData processing$vCongresses 606 $aEducational technology$vCongresses 606 $aComputer-assisted instruction$vCongresses 606 $aEducation$2HILCC 606 $aSocial Sciences$2HILCC 606 $aTheory & Practice of Education$2HILCC 615 0$aEducation, Higher$xData processing 615 0$aEducational technology 615 0$aComputer-assisted instruction 615 7$aEducation 615 7$aSocial Sciences 615 7$aTheory & Practice of Education 712 02$aInstitute of Electrical and Electronics Engineers 712 12$aInternational Conference on Information Technology Based Higher Education and Training 801 0$bPQKB 906 $aPROCEEDING 912 $a9910146699403321 996 $a2006 7th International Conference on Information Technology Based Higher Education and Training : Ultimo, Australia, 10-13 July 2006$92514864 997 $aUNINA